மதுராநதகம் இராஜாராமன் கதைகள (Record no. 9549)
[ view plain ]
| 000 -LEADER | |
|---|---|
| fixed length control field | 00903 a2200229 4500 |
| 010 ## - LIBRARY OF CONGRESS CONTROL NUMBER | |
| LC control number | TML-30651 |
| 020 ## - INTERNATIONAL STANDARD BOOK NUMBER | |
| Terms of availability | 175.00 |
| International Standard Book Number | 8126007877 |
| 035 ## - SYSTEM CONTROL NUMBER | |
| System control number | TM-28888 |
| 037 ## - SOURCE OF ACQUISITION | |
| Source of stock number/acquisition | D.B.Act / pub / |
| 082 ## - DEWEY DECIMAL CLASSIFICATION NUMBER | |
| Classification number | 894.827 |
| 090 ## - LOCALLY ASSIGNED LC-TYPE CALL NUMBER (OCLC); LOCAL CALL NUMBER (OCLC) | |
| -- | 9727 |
| -- | 9727 |
| 100 ## - MAIN ENTRY--PERSONAL NAME | |
| Personal name | இராஜாராமன், மதுராநதகம் |
| 245 ## - TITLE STATEMENT | |
| Title | மதுராநதகம் இராஜாராமன் கதைகள |
| Statement of responsibility, etc | by மதுராநதகம் இராஜாராமன் tr by நி.கிருபானந்தம் |
| 246 ## - VARYING FORM OF TITLE | |
| Title proper/short title | Madhuranthakam Rajaramin Kadaigal |
| Remainder of title | By Madhuranthakam Rajaramin |
| 250 ## - EDITION STATEMENT | |
| Edition statement | 1st ed |
| 260 ## - PUBLICATION, DISTRIBUTION, ETC. (IMPRINT) | |
| Place of publication, distribution, etc | New Delhi |
| Name of publisher, distributor, etc | Sahitya Akademi |
| Date of publication, distribution, etc | 2000 |
| 270 ## - ADDRESS | |
| City | New Delhi |
| Postal code | 110001 |
| 300 ## - PHYSICAL DESCRIPTION | |
| Extent | 398p |
| Other physical details | 22cm |
| 650 ## - SUBJECT ADDED ENTRY--TOPICAL TERM | |
| Topical term or geographic name as entry element | Tamil Literature |
| General subdivision | Fiction |
| 942 ## - ADDED ENTRY ELEMENTS (KOHA) | |
| Koha item type | Tamil Bks |
| Call number prefix | 894.827 / RAJ |
| Withdrawn status | Lost status | Source of classification or shelving scheme | Damaged status | Not for loan | Collection code | Home library | Current library | Cost, normal purchase price | Total Checkouts | Full call number | Barcode | Date last seen | Copy number | Uniform Resource Identifier | Cost, replacement price | Price effective from | Koha item type |
|---|---|---|---|---|---|---|---|---|---|---|---|---|---|---|---|---|---|
| Dewey Decimal Classification | Not For Loan | Non-fiction | D.B.Act.Division | D.B.Act.Division | 175.00 | 894.827 | TM-28888 | 15/09/2008 | 1 | 10535 | 175.00 | 15/09/2008 | Tamil Bks |
